Rozpoznaj Kraj Po Pierwszej i Ostatniej Literze - Statystyki

Ogólne statystyki
  • Ten quiz został rozwiązany 186 razy
  • Średni wynik to 6 z 10
Statystyki odpowiedzi
Pierwsza I Ostatnia Litera Kraj % Poprawnych
F_ _ _ i Fidżi
89%
K_ _ _ _t Kuwejt
71%
J _ _ _ _ _a Jamajka
65%
B_ _ _ _y Bahamy
60%
N_ _ _ _ _ _ _ A Nikaragua
56%
G_ _ _ _a Gambia
50%
S_ _ _ _ _ _r Salwador
48%
S_ _ _ _ _ _ _ _a Szwajcaria
43%
M_ _ _ _ _ _ _ _a Mikronezja
38%
W_ _ _ _ |_ _ _ _ _ _ _a Wyspy Salomona
36%
Nie znaleziono quizów pasujących do podanych kryteriów
Rozkład punktacji
Procent ludzi z każdym wynikiem
Percentyl według liczby udzielonych odpowiedzi
Twoja historia wyników
Nie rozwiązałeś tego quizu